[Event "Skopje ol (Men) fin-A"]
[Site "Skopje"]
[Date "1972.10.09"]
[Round "12.1"]
[White "Donner, Jan Hein"]
[Black "Gheorghiu, Florin"]
[Result "1/2-1/2"]
[WhiteElo "2470"]
[BlackElo "2520"]

1. d4 g6 2. c4 Bg7 3. g3 c5 4. Nf3 cxd4 5. Nxd4 Nc6 6. Nc2 Qa5+ 7. Nd2 d5 8.  Ne3 d4 9. Nd5 e6 10. Nf4 e5 11. Nd5 Nge7 12. Nxe7 Nxe7 13. Bg2 O-O 14. O-O Rb8  15. e3 dxe3 16. fxe3 Be6 17. Re1 Rfd8 18. Qe2 Rd7 19. a3 Rbd8 20. b4 Qc7 21.  Ra2 b5 22. Rc2 bxc4 23. Ne4 Rd3 24. Nc5 Qb6 25. Be4 Bf5 26. Bxf5 Nxf5 27. Rxc4  R3d5 28. Rc2 Bf8 1/2-1/2

[Event "Skopje ol (Men) fin-A"]
[Site "Skopje"]
[Date "1972.10.09"]
[Round "12.1"]
[White "Petrosian, Tigran V"]
[Black "Kavalek, Lubomir"]
[Result "1/2-1/2"]
[WhiteElo "2645"]
[BlackElo "2555"]

1. b4 Nf6 2. Bb2 g6 3. Nf3 Bg7 4. c4 O-O 5. e3 d6 6. Be2 e5 7. d3 a5 8. a3 e4  9. dxe4 Nxe4 10. Bxg7 Kxg7 11. Qd4+ Qf6 12. Qxf6+ Kxf6 13. b5 Nd7 14. Nd4 Nb6  15. Nd2 Nc5 16. O-O Be6 17. Rac1 Ke7 18. Bf3 f5 1/2-1/2

[Event "Skopje ol (Men) fin-A"]
[Site "Skopje"]
[Date "1972.10.09"]
[Round "12.2"]
[White "Byrne, Robert E"]
[Black "Smyslov, Vassily"]
[Result "1/2-1/2"]
[WhiteElo "2560"]
[BlackElo "2620"]

1. e4 e5 2. Nf3 Nc6 3. Bb5 a6 4. Ba4 Nf6 5. O-O Be7 6. Re1 b5 7. Bb3 O-O 8. c3  d6 9. h3 h6 10. d4 Re8 11. Nbd2 Bf8 12. Nf1 Bd7 13. Ng3 Na5 14. Bc2 c5 15. b3  Nc6 16. Be3 cxd4 17. cxd4 exd4 18. Nxd4 d5 19. exd5 Nb4 20. Nc6 Nxc6 21. dxc6  Bxc6 22. Rc1 1/2-1/2

[Event "Skopje ol (Men) fin-A"]
[Site "Skopje"]
[Date "1972.10.09"]
[Round "12.2"]
[White "Jakobsen, Ole"]
[Black "Knaak, Rainer"]
[Result "0-1"]
[WhiteElo "2440"]
[BlackElo "2470"]

1. Nf3 g6 2. c4 Bg7 3. Nc3 d6 4. d4 Bg4 5. e3 Nf6 6. Be2 O-O 7. h3 Bxf3 8. Bxf3  Nc6 9. O-O Nd7 10. Qc2 e5 11. dxe5 Ndxe5 12. Be2 Ne7 13. Rd1 b6 14. Nd5 Rc8 15.  Bd2 Nf5 16. Bc3 c6 17. Nf4 Qg5 18. Kh1 Rfd8 19. Rd2 Qe7 20. Rad1 Qc7 21. Bg4  Nxg4 22. hxg4 Bxc3 23. Qxc3 Nh6 24. f3 Qe7 25. g3 f6 26. Nh3 Nf7 27. Nf2 Qe5  28. Ne4 Qxc3 29. bxc3 Ne5 30. Rxd6 Rxd6 31. Rxd6 Nxc4 32. Rd4 Nxe3 33. Nxf6+  Kf7 34. g5 Nd5 35. Ne4 Ke6 36. f4 c5 37. Rd1 c4 38. Re1 Kd7 39. Kg2 Rf8 40. Kf3  Kc6 41. Nf6 Nxf6 42. gxf6 Rxf6 43. Re7 Rd6 44. Rg7 Rd3+ 45. Kg4 Rxc3 46. Rxh7  Ra3 47. f5 Kd5 48. fxg6 Ke6 49. Rh2 Kf6 50. Kh5 Kg7 51. g4 Ra5+ 52. g5 Rc5 53.  Kg4 Kxg6 54. Rh6+ Kg7 55. Kh5 c3 56. Rg6+ Kf7 57. Rf6+ Ke7 58. Rf1 c2 59. Rc1  Ke6 60. Kg6 Ke5 61. Kh7 Kd4 62. g6 Kd3 63. g7 Rc7 0-1

[Event "Skopje ol (Men) fin-A"]
[Site "Skopje"]
[Date "1972.10.09"]
[Round "12.2"]
[White "Ljubojevic, Ljubomir"]
[Black "Tringov, Georgi P"]
[Result "1-0"]
[WhiteElo "2550"]
[BlackElo "2460"]

1. f4 d5 2. Nf3 Nf6 3. e3 g6 4. b3 Bg7 5. Bb2 O-O 6. Be2 c5 7. O-O Nc6 8. Ne5  Nxe5 9. fxe5 Nd7 10. d4 Nb8 11. Bf3 Nc6 12. Nc3 e6 13. Na4 cxd4 14. exd4 f6 15.  exf6 Bxf6 16. Qd3 b6 17. Rae1 Bd7 18. c3 Rc8 19. Bc1 Bg5 20. Ba3 Be7 21. Bxe7  Nxe7 22. Nb2 Qc7 23. Nd1 Kg7 24. g3 Rf6 25. Bg4 Rxf1+ 26. Qxf1 Qd6 27. Qf2 Ng8  28. Qd2 Nh6 29. Nf2 Re8 30. Re3 Nf7 31. Bh3 a5 32. Nd3 a4 33. Nf4 axb3 34. axb3  Ng5 35. Bg2 Ra8 36. h4 Ra1+ 37. Kh2 Ne4 38. Bxe4 dxe4 39. Rxe4 Qa3 40. Re2 Qxb3  41. Nh5+ gxh5 1-0

[Event "Skopje ol (Men) fin-A"]
[Site "Skopje"]
[Date "1972.10.09"]
[Round "12.2"]
[White "Lombard, Andre"]
[Black "Jansson, Borje"]
[Result "1/2-1/2"]
[WhiteElo "2380"]
[BlackElo "2410"]

1. d4 Nf6 2. c4 e6 3. Nf3 Bb4+ 4. Nbd2 b6 5. g3 Bb7 6. Bg2 c5 7. dxc5 Bxc5 8.  O-O O-O 9. b3 d5 10. Bb2 Nc6 11. cxd5 Nxd5 12. a3 Be7 13. e4 Nc7 14. Qe2 Ba6  15. Nc4 Na5 16. Rfd1 Qe8 17. Qc2 Bxc4 18. bxc4 Rc8 19. Ne5 f6 20. Ng4 Na6 21.  Ne3 Bc5 22. Bc3 Bxe3 23. Bxa5 Bc5 24. Bc3 Rf7 25. Bh3 Bf8 26. Qe2 Rfc7 27. Qg4  Nc5 28. a4 Qg6 29. Qxg6 hxg6 30. Bd4 Kf7 31. Bxc5 Bxc5 32. a5 Ke7 33. Bf1 bxa5  34. Rxa5 Rb8 35. Rb5 Rxb5 36. cxb5 Bb6 37. Rd2 e5 38. h4 Bd4 39. Bd3 Rc1+ 40.  Kg2 Ke6 1/2-1/2

[Event "Skopje ol (Men) fin-A"]
[Site "Skopje"]
[Date "1972.10.09"]
[Round "12.2"]
[White "Smejkal, Jan"]
[Black "Bednarski, Jacek B"]
[Result "1/2-1/2"]
[WhiteElo "2545"]
[BlackElo "2395"]

1. Nf3 Nf6 2. c4 g6 3. d4 Bg7 4. g3 O-O 5. Bg2 d6 6. O-O Nc6 7. Nc3 a6 8. h3 e5  9. d5 Ne7 10. e4 b5 11. b4 bxc4 12. Nd2 c6 13. Nxc4 cxd5 14. Nxd5 Nfxd5 15.  exd5 Rb8 16. Rb1 Bf5 17. Rb2 e4 18. Rb3 Nxd5 19. Qxd5 Be6 20. Qxe4 d5 21. Qe2  dxc4 22. Ra3 Qc8 23. Ra5 Rb5 24. Rxb5 axb5 25. h4 c3 26. Re1 Bc4 27. Qc2 Re8  28. Rxe8+ Qxe8 29. Be3 h5 30. Bf1 Qe6 31. Bxc4 Qxc4 32. a3 Kh7 33. Kg2 Be5 34.  Kf3 Kg7 35. Qe4 Qe6 36. Ke2 Qa2+ 37. Kf3 Bf6 38. Bd4 Qxa3 39. Bxf6+ Kxf6 40.  Qd4+ Ke6 41. Qb6+ Ke7 42. Qc5+ 1/2-1/2

[Event "Skopje ol (Men) fin-A"]
[Site "Skopje"]
[Date "1972.10.09"]
[Round "12.2"]
[White "Toran Albero, Roman"]
[Black "Darga, Klaus"]
[Result "1/2-1/2"]
[WhiteElo "2420"]
[BlackElo "2540"]

1. Nf3 Nf6 2. c4 e6 3. g3 d5 4. b3 Be7 5. Bg2 O-O 6. O-O c5 7. Bb2 Nc6 8. e3 b6  9. Nc3 Bb7 10. cxd5 Nxd5 11. Nxd5 Qxd5 12. d4 Na5 13. Ba3 Rfd8 14. Rc1 Qf5 15.  Qe2 Be4 16. Rfd1 Nc6 17. dxc5 bxc5 18. Bxc5 Rxd1+ 19. Qxd1 Rd8 20. Qe2 Bd3 21.  Qe1 Bxc5 22. Nh4 Bb4 23. Nxf5 Bxe1 24. Rxe1 Bxf5 25. Bxc6 Rd2 26. Ra1 Bh3 27.  Bg2 Bxg2 28. Kxg2 g5 29. a4 Rb2 30. Rc1 Rxb3 31. Rc7 Ra3 32. Rxa7 g4 33. h3 h5  34. Ra5 Kf8 35. h4 Kg7 36. Ra8 Ra1 37. a5 Kh7 38. Kh2 Kg7 39. Kg2 Kh7 40. a6  Kg7 41. Kh2 Kh7 42. Kg2 Kg6 43. e4 Kg7 44. f4 Ra4 45. a7 Ra1 46. Kf2 Ra2+ 47.  Ke3 Ra3+ 48. Kd4 Ra4+ 49. Kc5 Ra1 50. Kb6 Rb1+ 51. Kc7 Ra1 52. Kd6 Ra6+ 53. Kd7  Ra1 54. Ke7 Ra2 55. Ke8 Ra1 56. Ke7 Ra2 57. f5 exf5 58. exf5 Re2+ 59. Kd6 Rd2+  60. Ke5 f6+ 61. Ke6 Re2+ 62. Kd6 Rd2+ 63. Kc6 Rc2+ 64. Kb5 Rb2+ 65. Kc4 Ra2  1/2-1/2

[Event "Skopje ol (Men) fin-A"]
[Site "Skopje"]
[Date "1972.10.09"]
[Round "12.3"]
[White "Hecht, Hans Joachim"]
[Black "Bellon Lopez, Juan Manuel"]
[Result "1/2-1/2"]
[WhiteElo "2485"]
[BlackElo "2385"]

1. e4 c5 2. Nf3 g6 3. d4 Bg7 4. Nc3 cxd4 5. Nxd4 Nc6 6. Be3 Nf6 7. Bc4 Qa5 8.  O-O O-O 9. Nb3 Qc7 10. f4 d6 11. Be2 b6 12. Bf3 Ba6 13. Rf2 Rad8 14. Rd2 e5 15.  Be2 Bxe2 16. Qxe2 Rfe8 17. Rf1 d5 18. exd5 Nd4 19. Nxd4 exd4 20. Rxd4 Ng4 21.  Qxg4 Rxe3 22. Rd2 Qc5 23. Kh1 Bxc3 24. bxc3 Rxd5 25. Qd1 Rxd2 26. Qxd2 Qxc3 27.  Qd8+ Kg7 28. h3 Qc4 29. Kg1 Qc5 30. Kh2 Re2 31. f5 Qe5+ 32. Kh1 Qe4 33. f6+ Kh6  34. Rg1 Rxc2 35. Qf8+ Kg5 36. Qxf7 a5 37. Qxh7 Rf2 38. Qe7 Qxe7 39. fxe7 Re2  40. Rb1 Rxe7 41. Rxb6 Re5 42. Kh2 Kh6 43. Rb3 Re4 44. Ra3 Re5 45. Ra4 Rg5 46.  g4 Rc5 47. h4 Rc3 48. Kg2 Rc2+ 49. Kf3 Rc3+ 50. Kf4 Rc1 51. Ke3 Rh1 52. Rxa5  Rxh4 53. Kf4 Rh1 54. Ra3 Rh2 55. Ra8 Rf2+ 56. Ke3 Rf1 57. Ra5 Re1+ 58. Kf2 Ra1  59. g5+ Kh5 60. a4 Ra3 61. Ke2 Kg4 62. Kd2 Kf4 63. Kc2 Ke4 64. Kb2 Rg3 65. Rb5  Kd4 66. a5 Kc4 67. Re5 Rg2+ 68. Ka3 Rg3+ 69. Ka4 Rg1 70. Re4+ Kc5 71. Re5+ Kc4  72. Ka3 Rg3+ 73. Kb2 Rg2+ 74. Kb1 Rg1+ 75. Kc2 Rg2+ 76. Kd1 Kd4 1/2-1/2

[Event "Skopje ol (Men) fin-A"]
[Site "Skopje"]
[Date "1972.10.09"]
[Round "12.3"]
[White "Liebert, Heinz"]
[Black "Sloth, Jorn"]
[Result "0-1"]
[WhiteElo "2400"]
[BlackElo "2385"]

1. g3 d5 2. Bg2 c6 3. d3 g6 4. Nd2 Bg7 5. e4 e5 6. Ngf3 Ne7 7. O-O O-O 8. c3  Nd7 9. Qc2 b6 10. Rd1 Bb7 11. b4 c5 12. Bb2 Qc7 13. Rac1 Rfc8 14. Qb1 Bc6 15.  exd5 Nxd5 16. a3 Ne7 17. Re1 Re8 18. Re2 a5 19. Rce1 Kf8 20. c4 f6 21. b5 Bb7  22. Ne4 Nf5 23. Bh3 Rad8 24. Qc2 Kf7 25. Ned2 Nf8 26. Bxf5 gxf5 27. Nh4 Qd7 28.  d4 cxd4 29. Qxf5 Qxf5 30. Nxf5 Ne6 31. f4 d3 32. Re3 Bf8 33. fxe5 Bc5 34. exf6  Ng5 35. Kf1 Bxe3 36. Rxe3 Rxe3 37. Nxe3 Nf3 38. Bc3 Nxd2+ 39. Bxd2 Kxf6 40.  Bc3+ Ke6 41. Ke1 Be4 42. Kd2 Bf3 43. a4 h5 44. Bb2 Be4 45. Bg7 Rd7 46. Bh6 Ke5  47. Nd1 Bf3 48. Nb2 Ke4 49. Be3 Rb7 50. Bg1 Be2 51. Kc3 Rd7 52. Kd2 Rf7 53.  Bxb6 Rf1 54. Bxa5 Bf3 55. b6 Rf2+ 56. Kc1 Ke3 57. Nd1+ Bxd1 58. b7 Rf8 59. Bd2+  Ke2 60. a5 Ba4 61. a6 Bc6 62. Bf4 Be4 63. c5 d2+ 64. Bxd2 Rf1+ 65. Kb2 Kxd2 66.  c6 Rb1+ 67. Ka2 Kc2 68. c7 Bd5+ 0-1

[Event "Skopje ol (Men) fin-A"]
[Site "Skopje"]
[Date "1972.10.09"]
[Round "12.3"]
[White "Liljedahl, Lennart"]
[Black "Schaufelberger, Heinz"]
[Result "0-1"]
[WhiteElo "2260"]
[BlackElo "2340"]

1. Nf3 Nf6 2. b3 d5 3. Bb2 Bg4 4. e3 e6 5. h3 Bxf3 6. Qxf3 Bd6 7. d3 Nbd7 8. c4  c6 9. Nc3 O-O 10. Qd1 e5 11. Be2 Qa5 12. a3 dxc4 13. bxc4 Rfe8 14. O-O Rad8 15.  Qc2 Bb8 16. Rad1 Qc7 17. g3 Nc5 18. Bf3 Qc8 19. Bg2 Qf5 20. e4 Qg6 21. Ne2 Nh5  22. g4 Nf6 23. f3 h5 24. d4 hxg4 25. hxg4 exd4 26. Nxd4 Qh6 27. Bh1 Qe3+ 28.  Qf2 Qxf2+ 29. Kxf2 Na4 30. Ba1 Nd7 31. Nf5 Be5 32. Ne3 Bxa1 33. Rxa1 Ndc5 34.  Rfd1 Nd3+ 35. Kg3 Ndb2 36. Rxd8 Rxd8 37. Bg2 Rd3 38. Nf5 g6 39. Nh6+ Kg7 40. g5  Nxc4 41. Ng4 Ne3 42. Nf2 Rd2 43. Bh3 Nc3 44. f4 Nc2 45. Rh1 Ne2+ 46. Kf3 Nxf4  47. Bc8 b5 48. Ng4 Nh5 49. Ne5 c5 50. Bd7 Nd4+ 51. Ke3 Re2+ 52. Kd3 Nf4+ 53.  Kc3 Re3+ 54. Kd2 Rxe4 55. Ng4 Re2+ 56. Kd1 Ra2 57. Rh4 Nf3 0-1

[Event "Skopje ol (Men) fin-A"]
[Site "Skopje"]
[Date "1972.10.09"]
[Round "12.3"]
[White "Pytel, Krzysztof"]
[Black "Filip, Miroslav"]
[Result "1/2-1/2"]
[WhiteElo "2380"]
[BlackElo "2510"]

1. d4 Nf6 2. c4 e6 3. Nc3 Bb4 4. e3 O-O 5. Bd3 d5 6. Nf3 b6 7. O-O Bb7 8. cxd5  exd5 9. Bd2 Bd6 10. Ne5 c5 11. Rc1 Nc6 12. Nxc6 Bxc6 13. Qf3 Ne4 14. Rfd1 Qe7  15. dxc5 bxc5 16. Be1 Rad8 17. Bc2 Bb8 18. Nxe4 dxe4 19. Qe2 Qe5 20. g3 Qxb2  21. Qc4 Rxd1 22. Rxd1 Qe5 23. Bb3 h5 24. Ba5 h4 25. Bb4 cxb4 26. Qxc6 Qf5 27.  Rd5 Qg4 28. Rd4 hxg3 29. hxg3 Bxg3 30. Qxe4 Qxe4 31. Rxe4 Bd6 32. Rc4 Rd8 33.  Rd4 Kf8 34. f4 Ke7 35. Kf2 Rc8 36. Kf3 f5 37. Rc4 Rxc4 38. Bxc4 Kf6 39. e4  fxe4+ 40. Kxe4 1/2-1/2

[Event "Skopje ol (Men) fin-A"]
[Site "Skopje"]
[Date "1972.10.09"]
[Round "12.3"]
[White "Radulov, Ivan"]
[Black "Matanovic, Aleksandar"]
[Result "1/2-1/2"]
[WhiteElo "2490"]
[BlackElo "2515"]

1. e4 e5 2. Nf3 Nc6 3. d4 exd4 4. Nxd4 Bc5 5. Nb3 Bb6 6. Nc3 Nf6 7. Bg5 h6 8.  Bh4 d6 9. Qe2 g5 10. Bg3 Qe7 11. O-O-O Be6 12. f3 O-O-O 13. Bf2 d5 14. Bxb6  axb6 15. exd5 Nxd5 16. Nxd5 Bxd5 17. Qxe7 Nxe7 18. h4 c5 19. Nd2 1/2-1/2

[Event "Skopje ol (Men) fin-A"]
[Site "Skopje"]
[Date "1972.10.09"]
[Round "12.3"]
[White "Zuidema, Coenraad"]
[Black "Ghitescu, Theodor"]
[Result "1/2-1/2"]
[WhiteElo "2430"]
[BlackElo "2450"]

1. e4 c5 2. Nf3 d6 3. d4 cxd4 4. Nxd4 Nf6 5. Nc3 a6 6. f4 Nbd7 7. Bd3 e6 8. O-O  Nc5 9. Nb3 Nxd3 10. Qxd3 Be7 11. Kh1 O-O 12. Be3 b5 13. a3 Bb7 14. Rad1 Rc8 15.  Bd4 Qc7 16. e5 dxe5 17. Bxe5 Qc6 18. Qe2 Ba8 19. Rd3 g6 20. Nd4 Qb7 21. Rg3 Nd7  22. f5 Nxe5 23. Qxe5 Rc5 24. Qe3 Bd6 25. Rg4 exf5 26. Nxf5 Rxf5 27. Rxf5 Qd7  28. Qg5 h6 29. Qf6 Kh7 30. Rd4 Qxf5 31. Qxf5 gxf5 32. Rxd6 Rg8 33. Rd2 Rg5 34.  Kg1 f4 35. b3 f3 36. g3 h5 37. Kf2 h4 38. Nd5 hxg3+ 39. hxg3 Rg6 40. c4 bxc4  41. bxc4 Rc6 42. Rd4 Kg7 43. g4 Rh6 44. a4 Rh2+ 45. Kxf3 Ra2 46. Kf4 Bb7 47.  Nb6 Bc6 48. Ke5 f6+ 49. Ke6 Bxa4 50. Nxa4 Rxa4 51. Rd7+ Kg6 52. Kd5 a5 53. Ra7  Ra2 54. c5 a4 55. c6 a3 56. c7 Rc2 57. Kd6 Rd2+ 1/2-1/2

[Event "Skopje ol (Men) fin-A"]
[Site "Skopje"]
[Date "1972.10.09"]
[Round "12.4"]
[White "Matulovic, Milan"]
[Black "Padevsky, Nikola"]
[Result "1/2-1/2"]
[WhiteElo "2525"]
[BlackElo "2430"]

1. e4 e6 2. d4 d5 3. Nd2 c5 4. exd5 exd5 5. Ngf3 Nc6 6. Bb5 Bd6 7. O-O Nge7 8.  dxc5 Bxc5 9. Nb3 Bd6 10. Nbd4 O-O 11. Be3 a6 12. Bd3 Ng6 13. Re1 Re8 14. c3 Qc7  15. h3 Bd7 16. Qc2 Na5 17. Re2 Nc4 18. Rae1 Nxe3 19. Rxe3 Rxe3 20. Rxe3 Re8 21.  Qe2 Rxe3 22. Qxe3 Ne5 23. Bf5 Nxf3+ 24. Qxf3 g6 25. Bc2 Bc6 26. Bb3 Bc5 27.  Bxd5 Bxd4 28. cxd4 Bxd5 29. Qxd5 Qc1+ 30. Kh2 Qf4+ 1/2-1/2

[Event "Skopje ol (Men) fin-A"]
[Site "Skopje"]
[Date "1972.10.09"]
[Round "12.4"]
[White "Pedersen, Eigil"]
[Black "Schoeneberg, Manfred"]
[Result "1/2-1/2"]
[WhiteElo "2370"]
[BlackElo "2470"]

1. e4 d6 2. Bc4 Nf6 3. d3 c6 4. Bb3 a5 5. c3 g6 6. Nf3 Bg7 7. O-O O-O 8. Bg5  Nbd7 9. Nbd2 e5 10. d4 Qc7 11. Re1 Re8 12. Bh4 Nf8 13. Nc4 a4 14. dxe5 dxe5 15.  Bc2 b5 16. Qd6 Qxd6 17. Nxd6 Re7 18. Nxc8 Rxc8 19. Rad1 h6 20. Bxf6 Bxf6  1/2-1/2

[Event "Skopje ol (Men) fin-A"]
[Site "Skopje"]
[Date "1972.10.09"]
[Round "12.4"]
[White "Visier Segovia, Fernando"]
[Black "Dueball, Juergen"]
[Result "1/2-1/2"]
[WhiteElo "2365"]
[BlackElo "2425"]

1. Nf3 g6 2. c4 Bg7 3. Nc3 Nf6 4. d4 d5 5. cxd5 Nxd5 6. Bd2 O-O 7. Rc1 Nc6 8.  e3 Nb6 9. Be2 e5 10. dxe5 Nxe5 11. Nxe5 Bxe5 12. O-O Be6 13. b3 Qe7 14. Qe1  Rfd8 15. f4 Bg7 16. Bf3 c6 17. Ne4 Nd5 18. Kh1 f5 1/2-1/2

[Event "Skopje ol (Men) fin-A"]
[Site "Skopje"]
[Date "1972.10.09"]
[Round "12.4"]
[White "Wirthensohn, Heinz"]
[Black "Olsson, Ake"]
[Result "1-0"]
[WhiteElo "2315"]
[BlackElo "2380"]

1. c4 c5 2. Nf3 Nc6 3. Nc3 Nf6 4. d4 cxd4 5. Nxd4 g6 6. e4 d6 7. Be2 Bg7 8. Be3  O-O 9. O-O Bd7 10. Rc1 Rc8 11. f3 Nh5 12. Nxc6 Bxc6 13. Qd2 Re8 14. Bxa7 Bxc3  15. Rxc3 Ra8 16. Be3 Rxa2 17. Rd1 Qa5 18. c5 Qb4 19. Rc2 dxc5 20. Bxc5 Qxd2 21.  Rcxd2 Raa8 22. Bb6 Rec8 23. Rd8+ Rxd8 24. Rxd8+ Rxd8 25. Bxd8 Kf8 26. Kf2 Nf4  27. Bc4 b5 28. Bf1 Ke8 29. Bb6 e5 30. Ke3 Ne6 31. Kd3 Kd7 32. Kc3 Kd6 33. Kb4  f5 34. exf5 gxf5 35. Bxb5 Bxb5 36. Kxb5 Kd5 37. Kb4 h5 38. Kc3 h4 39. Bf2 h3  40. g4 Ng5 41. gxf5 Nxf3 42. Bg3 Nd4 43. f6 Nb5+ 44. Kd3 Nd6 45. Ke3 Nf7 46.  Kf3 Ke6 47. Bh4 Nh6 48. Kg3 Nf5+ 49. Kxh3 e4 50. Kg4 e3 51. f7 Nh6+ 52. Kf3  Kxf7 53. Bg5 Nf5 54. Bxe3 Ke6 55. Kf4 Ne7 56. Kg5 1-0

[Event "Skopje ol (Men) fin-A"]
[Site "Skopje"]
[Date "1972.10.10"]
[Round "13.1"]
[White "Gheorghiu, Florin"]
[Black "Portisch, Lajos"]
[Result "1/2-1/2"]
[WhiteElo "2520"]
[BlackElo "2640"]

1. c4 Nf6 2. Nc3 e5 3. Nf3 Nc6 4. g3 Nd4 5. Bg2 Nxf3+ 6. Bxf3 Be7 7. d4 d6 8.  Bg2 O-O 9. O-O c6 10. b3 Bf5 11. e4 Bg4 12. f3 Bd7 13. Be3 Qb8 14. Rc1 Rd8 15.  h3 b5 16. cxb5 cxb5 17. f4 Bc6 18. d5 Be8 19. fxe5 dxe5 20. g4 h6 21. Ne2 Nh7  22. Ng3 Bg5 23. Bxg5 hxg5 24. Nf5 Qb6+ 1/2-1/2

[Event "Skopje ol (Men) fin-A"]
[Site "Skopje"]
[Date "1972.10.10"]
[Round "13.1"]
[White "Hamann, Svend"]
[Black "Schmidt, Wlodzimierz"]
[Result "1-0"]
[WhiteElo "2490"]
[BlackElo "2450"]

1. d4 Nf6 2. c4 g6 3. Nc3 d5 4. Nf3 Bg7 5. Bf4 O-O 6. Rc1 c5 7. dxc5 Be6 8. e3  Nc6 9. Be2 Ne4 10. O-O Nxc3 11. bxc3 dxc4 12. Ng5 Bd7 13. Bxc4 Na5 14. Be2 Rc8  15. e4 Rxc5 16. Be3 Rc8 17. Bxa7 Nc4 18. Nf3 e5 19. Qb3 b5 20. Rfd1 Rc7 21.  Bxc4 Rxc4 22. Be3 Qe7 23. Nd2 Ra4 24. c4 Ra3 25. Qb1 b4 26. c5 Ba4 27. Re1 Bc6  28. Qxb4 Rxa2 29. Ra1 Rxa1 30. Rxa1 Rc8 31. Nc4 Bf8 32. f3 Qe6 33. Ra6 Ra8 34.  Rxa8 Bxa8 35. Na5 Qa6 36. h3 Qd3 37. Bf2 Qd8 38. Qb6 Qd1+ 39. Kh2 Qd2 40. c6  1-0

[Event "Skopje ol (Men) fin-A"]
[Site "Skopje"]
[Date "1972.10.10"]
[Round "13.1"]
[White "Hug, Werner"]
[Black "Zuidema, Coenraad"]
[Result "1/2-1/2"]
[WhiteElo "2475"]
[BlackElo "2430"]

1. c4 Nf6 2. Nf3 c6 3. Nc3 d5 4. e3 Nbd7 5. cxd5 cxd5 6. d4 e6 7. Bd3 Bd6 8.  O-O O-O 9. Bd2 a6 10. Rc1 e5 11. dxe5 Nxe5 12. Nxe5 1/2-1/2

[Event "Skopje ol (Men) fin-A"]
[Site "Skopje"]
[Date "1972.10.10"]
[Round "13.1"]
[White "Ivkov, Borislav"]
[Black "Uhlmann, Wolfgang"]
[Result "1-0"]
[WhiteElo "2520"]
[BlackElo "2530"]

1. c4 e5 2. Nc3 Nf6 3. g3 Bb4 4. Bg2 O-O 5. Nf3 Re8 6. O-O e4 7. Ne1 Bxc3 8.  dxc3 d6 9. Nc2 Be6 10. b3 Qc8 11. Bg5 Nbd7 12. Nd4 Bg4 13. f3 exf3 14. exf3 Bh5  15. Bh3 Qb8 16. Qd2 Bg6 17. Rae1 h6 18. Bh4 a6 19. Nf5 Qa7+ 20. Kg2 Kh8 21. Ne3  b5 22. Bxf6 Nxf6 23. Nd5 Nxd5 24. cxd5 Rad8 25. Bd7 Re5 26. Bc6 Qc5 27. Qd4 Qa3  28. Rxe5 dxe5 29. Qxe5 Qxa2+ 30. Rf2 Qa5 31. b4 Qb6 32. Qe7 Rd6 33. Re2 Kh7 34.  h4 h5 35. Qf8 Bd3 36. Re8 Rf6 37. Qc5 Rd6 38. Qxb6 cxb6 39. Ra8 Bc4 40. Rxa6  Bxd5 41. Bxd5 Rxd5 42. Rxb6 Rd2+ 43. Kg1 1-0

[Event "Skopje ol (Men) fin-A"]
[Site "Skopje"]
[Date "1972.10.10"]
[Round "13.1"]
[White "Kavalek, Lubomir"]
[Black "Bobotsov, Milko G"]
[Result "0-1"]
[WhiteElo "2555"]
[BlackElo "2455"]

1. e4 g6 2. d4 Bg7 3. c4 d6 4. Nc3 e5 5. d5 Nd7 6. h4 h5 7. Nf3 a5 8. b3 Nc5 9.  Be2 Nh6 10. Qc2 Bd7 11. g3 Ng4 12. Ng5 f6 13. Nh3 Bh6 14. f3 Ne3 15. Qb1 c6 16.  Nf2 f5 17. Ncd1 Nxd1 18. Kxd1 Bxc1 19. Qxc1 cxd5 20. cxd5 Rc8 21. Qe3 Qf6 22.  Rc1 O-O 23. Qd2 fxe4 24. Nxe4 Nxe4 25. fxe4 Qf2 26. Rxc8 Rxc8 27. Qd3 Bg4 28.  Re1 Rc1+ 29. Kxc1 Qxe1+ 30. Bd1 Bxd1 31. Qxd1 Qxe4 32. Qd2 Qb4 33. Qg5 Kf7 34.  Qh6 Qc5+ 35. Kb2 Qd4+ 36. Kb1 Qxd5 37. Qh8 e4 38. Qh7+ Kf6 39. Qh8+ Ke7 40.  Qg7+ Qf7 41. Qc3 Qf1+ 42. Kb2 Qf6 0-1

[Event "Skopje ol (Men) fin-A"]
[Site "Skopje"]
[Date "1972.10.10"]
[Round "13.1"]
[White "Pomar Salamanca, Arturo"]
[Black "Korchnoi, Viktor"]
[Result "1/2-1/2"]
[WhiteElo "2460"]
[BlackElo "2640"]

1. Nf3 Nf6 2. d4 c5 3. c4 e6 4. Nc3 cxd4 5. Nxd4 Bb4 6. Bd2 Nc6 7. e3 O-O 8.  Be2 d5 9. cxd5 exd5 10. O-O Nxd4 11. exd4 Qb6 12. Qb3 Ba5 13. Be3 Be6 14. Qxb6  Bxb6 15. Na4 Rfc8 16. Rac1 1/2-1/2

[Event "Skopje ol (Men) fin-A"]
[Site "Skopje"]
[Date "1972.10.10"]
[Round "13.2"]
[White "Bilek, Istvan"]
[Black "Ciocaltea, Victor"]
[Result "1-0"]
[WhiteElo "2485"]
[BlackElo "2470"]

1. g3 g6 2. Bg2 Bg7 3. c4 Nf6 4. Nc3 O-O 5. d3 d6 6. e3 e5 7. Nge2 Nbd7 8. O-O  a5 9. h3 c6 10. b3 Re8 11. e4 Nh5 12. Be3 f5 13. Qd2 Nc5 14. exf5 gxf5 15. d4  Nd7 16. Bg5 Bf6 17. Bxf6 Ndxf6 18. Rad1 Qe7 19. f3 Ng7 20. Rfe1 e4 21. fxe4  fxe4 22. Qg5 d5 23. Rf1 Rf8 24. cxd5 Nxd5 25. Qxe7 Rxf1+ 26. Rxf1 Nxe7 27. Nxe4  Nd5 28. N2c3 Ne3 29. Re1 Nc2 30. Rd1 Ne3 31. Rd3 Nxg2 32. Kxg2 Bf5 33. Rd2 Rd8  34. d5 cxd5 35. Rxd5 Rxd5 36. Nf6+ Kf7 37. Nfxd5 b5 38. b4 axb4 39. Nxb4 Bd7  40. Ne4 Nf5 41. Kf3 h6 42. Kf4 Ne7 43. h4 Nc6 44. Nc2 Be6 45. a3 Bb3 46. Nb4  Nd4 47. g4 Kg6 48. Ke3 Ne6 49. Nc6 Kg7 50. Nc3 Nc7 51. Kd4 Be6 52. Ne5 Bc8 53.  Ne4 Ne6+ 54. Ke3 Nc7 55. Nd6 b4 56. axb4 Bxg4 57. Nxg4 Nd5+ 58. Ke4 Nxb4 59. h5  Nc6 60. Nf5+ Kh7 61. Kd5 Nb4+ 62. Ke6 Kg8 63. Ne5 Kh8 64. Kf7 Nd5 65. Ne7 1-0

[Event "Skopje ol (Men) fin-A"]
[Site "Skopje"]
[Date "1972.10.10"]
[Round "13.2"]
[White "Malich, Burkhard"]
[Black "Matanovic, Aleksandar"]
[Result "1/2-1/2"]
[WhiteElo "2490"]
[BlackElo "2515"]

1. c4 Nf6 2. Nf3 e6 3. b3 Be7 4. Bb2 d5 5. g3 O-O 6. Bg2 c6 7. O-O Nbd7 8. d3  b5 9. Qc2 Bb7 10. Nbd2 a6 11. e4 Rc8 12. Rfe1 Qb6 13. h3 Rfd8 14. Bd4 c5 15.  Bb2 dxe4 16. dxe4 Nb8 17. Ne5 Nc6 18. Nxc6 Qxc6 19. Nf3 Qc7 20. Rac1 b4 21. Ne5  Nd7 22. Ng4 h5 23. Nh2 Ne5 24. Rcd1 h4 25. gxh4 Bxh4 26. Qe2 Ng6 27. Nf1 Qf4  28. Bc1 Qf6 29. e5 Qe7 30. Bxb7 Qxb7 31. Nh2 Rxd1 32. Rxd1 Rd8 33. Rxd8+ Bxd8  34. Qd3 Be7 35. Nf3 Qc7 36. Qe4 1/2-1/2

[Event "Skopje ol (Men) fin-A"]
[Site "Skopje"]
[Date "1972.10.10"]
[Round "13.2"]
[White "Pytel, Krzysztof"]
[Black "Sloth, Jorn"]
[Result "1/2-1/2"]
[WhiteElo "2380"]
[BlackElo "2385"]

1. e4 e6 2. d4 d5 3. Nd2 Nf6 4. e5 Nfd7 5. f4 c5 6. c3 Nc6 7. Ndf3 f5 8. Bd3  Be7 9. Ne2 c4 10. Bc2 b5 11. h3 Nb6 12. g4 g6 13. Kf2 Kd7 14. Ng5 Qf8 15. gxf5  gxf5 16. Ng3 Kc7 17. h4 h6 18. Nf3 Bd7 19. Be3 Rg8 20. Qe2 Rg4 21. Rag1 Qf7 22.  Ke1 Rag8 23. Qf2 R8g7 24. Kd1 1/2-1/2

[Event "Skopje ol (Men) fin-A"]
[Site "Skopje"]
[Date "1972.10.10"]
[Round "13.2"]
[White "Timman, Jan H"]
[Black "Lombard, Andre"]
[Result "1/2-1/2"]
[WhiteElo "2480"]
[BlackElo "2380"]

1. Nf3 e6 2. g3 b6 3. Bg2 Bb7 4. O-O Nf6 5. c4 Be7 6. Nc3 O-O 7. d3 c5 8. e4 d5  9. exd5 exd5 10. Ne5 Nbd7 11. Re1 Nxe5 12. Rxe5 Qd7 13. Qf3 Bd6 14. Re1 Rfe8  15. Bg5 Be5 16. Re2 h6 17. Bxf6 Bxf6 18. Rae1 Kf8 19. Nxd5 Bxb2 20. Nxb6 axb6  21. Qxb7 Qxb7 22. Bxb7 Bc3 23. Bxa8 Bxe1 1/2-1/2

[Event "Skopje ol (Men) fin-A"]
[Site "Skopje"]
[Date "1972.10.10"]
[Round "13.2"]
[White "Tringov, Georgi P"]
[Black "Benko, Pal C"]
[Result "1/2-1/2"]
[WhiteElo "2460"]
[BlackElo "2515"]

1. e4 g6 2. d4 d6 3. Nf3 Bg7 4. Nbd2 Nf6 5. Bc4 O-O 6. Qe2 Nc6 7. c3 e5 8. dxe5  Nxe5 9. Nxe5 dxe5 10. O-O Qe7 11. a4 Be6 1/2-1/2